Time management for system administrators (Record no. 182661)

MARC details
000 -LEADER
fixed length control field 00424nam a2200157Ia 4500
005 - DATE AND TIME OF LATEST TRANSACTION
control field 20250315100332.0
008 - FIXED-LENGTH DATA ELEMENTS--GENERAL INFORMATION
fixed length control field 231217s9999 xx 000 0 und d
020 ## - INTERNATIONAL STANDARD BOOK NUMBER
International Standard Book Number 9788184040302
082 ## - DEWEY DECIMAL CLASSIFICATION NUMBER
Classification number 658.4093 LIM;3
100 ## - MAIN ENTRY--PERSONAL NAME
Personal name Limoncelli, Thomas A.
245 #0 - TITLE STATEMENT
Title Time management for system administrators
260 ## - PUBLICATION, DISTRIBUTION, ETC. (IMPRINT)
Date of publication, distribution, etc. 2006
Name of publisher, distributor, etc. SPD
Place of publication, distribution, etc. Bangalore
300 ## - PHYSICAL DESCRIPTION
Extent xxi+201
650 ## - SUBJECT ADDED ENTRY--TOPICAL TERM
Topical term or geographic name as entry element Time,management,administrators
942 ## - ADDED ENTRY ELEMENTS (KOHA)
Koha item type Books
Holdings
Date last seen Total Checkouts Full call number Accession number Old discount Price effective from Category Lost status Damaged status Department Withdrawn status bill date Permanent Location Current Location Shelving location Entry date Vendor Grants Currency symbol Conversion rate Discount Discount type
26/01/2024   658.4093 LIM;3 53422   26/01/2024 Books     Central Library   17/08/2012 Central Library Central Library Central Library 12/03/2009 Publisher DONATED RS 1   Rupees

© For any Suggestions or Query, please contact the library staff @ librarian@pes.edu or Phone: +9180 2672 1983/ 2108.